[Event "DVM U10 2023"]
[Site "Magdeburg GER"]
[Date "2023.12.29"]
[Round "7"]
[White "Tu, Tiffany"]
[Black "Mattar, Lukas"]
[Result "0-1"]
[Termination "normal"]
[Board "17.1"]
[WhiteElo "1169"]
[BlackElo "1395"]
[WhiteClock "00:14:29"]
[BlackClock "00:29:53"]
[WhiteTeam "SF 59 Kornwestheim"]
[BlackTeam "SK 1926 Ettlingen"]
[PlyCount "94"]
[WhiteFideId "34628576"]
[BlackFideId "34685898"]
[EventCountry "GER"]
[EventRounds "7"]
[EventType "team-swiss"]
[EventDate "2023.12.27"]

1. e4 {[%clk 00:55:08]} {[%emt 00:00:01]} e6 {[%clk 00:55:03]} {[%emt
00:00:08]} 2. Nf3 {[%clk 00:55:07]} {[%emt 00:00:05]} d5 {[%clk 00:55:05]}
{[%emt 00:00:04]} 3. e5 {[%clk 00:55:05]} {[%emt 00:00:07]} c5 {[%clk
00:55:06]} {[%emt 00:00:04]} 4. c3 {[%clk 00:55:04]} {[%emt 00:00:06]} Nc6
{[%clk 00:55:07]} {[%emt 00:00:03]} 5. Na3 {[%clk 00:55:01]} {[%emt 00:00:09]}
Nh6 {[%clk 00:54:49]} {[%emt 00:00:22]} 6. Nc2 {[%clk 00:54:57]} {[%emt
00:00:10]} Nf5 {[%clk 00:54:47]} {[%emt 00:00:08]} 7. d4 {[%clk 00:54:52]}
{[%emt 00:00:09]} Qb6 {[%clk 00:54:46]} {[%emt 00:00:06]} 8. Bd3 {[%clk
00:54:38]} {[%emt 00:00:19]} Bd7 {[%clk 00:54:25]} {[%emt 00:00:27]} 9. Be2
{[%clk 00:51:41]} {[%emt 00:03:00]} cxd4 {[%clk 00:53:44]} {[%emt 00:00:47]}
10. cxd4 {[%clk 00:51:27]} {[%emt 00:00:19]} Bb4+ {[%clk 00:52:21]} {[%emt
00:01:28]} 11. Bd2 {[%clk 00:48:47]} {[%emt 00:02:44]} Bxd2+ {[%clk 00:51:51]}
{[%emt 00:00:36]} 12. Qxd2 {[%clk 00:48:41]} {[%emt 00:00:10]} Qxb2 {[%clk
00:51:21]} {[%emt 00:00:35]} 13. O-O {[%clk 00:45:46]} {[%emt 00:02:59]} Ncxd4
{[%clk 00:47:43]} {[%emt 00:03:45]} 14. Nfxd4 {[%clk 00:38:39]} {[%emt
00:07:12]} Nxd4 {[%clk 00:47:30]} {[%emt 00:00:18]} 15. Qxd4 {[%clk 00:38:27]}
{[%emt 00:00:17]} Qxc2 {[%clk 00:47:30]} {[%emt 00:00:05]} 16. Bd3 {[%clk
00:37:34]} {[%emt 00:00:57]} Qa4 {[%clk 00:47:09]} {[%emt 00:00:26]} 17. Qb2
{[%clk 00:36:05]} {[%emt 00:01:25]} b6 {[%clk 00:46:05]} {[%emt 00:01:19]} 18.
Qe2 {[%clk 00:31:35]} {[%emt 00:04:32]} Qh4 {[%clk 00:43:30]} {[%emt 00:02:41]}
19. Rac1 {[%clk 00:29:30]} {[%emt 00:02:11]} O-O {[%clk 00:42:43]} {[%emt
00:00:52]} 20. Rc7 {[%clk 00:27:57]} {[%emt 00:01:37]} Qe7 {[%clk 00:41:40]}
{[%emt 00:01:09]} 21. Qh5 {[%clk 00:26:59]} {[%emt 00:01:02]} h6 {[%clk
00:41:28]} {[%emt 00:00:19]} 22. Bb5 {[%clk 00:26:21]} {[%emt 00:00:43]} Rfd8
{[%clk 00:41:05]} {[%emt 00:00:27]} 23. Rb1 {[%clk 00:23:41]} {[%emt 00:02:45]}
Qe8 {[%clk 00:39:51]} {[%emt 00:01:20]} 24. Rb3 {[%clk 00:22:19]} {[%emt
00:01:27]} Bxb5 {[%clk 00:39:08]} {[%emt 00:00:48]} 25. Rxb5 {[%clk 00:22:00]}
{[%emt 00:00:24]} g6 {[%clk 00:38:42]} {[%emt 00:00:30]} 26. Qf3 {[%clk
00:21:35]} {[%emt 00:00:27]} Rac8 {[%clk 00:37:40]} {[%emt 00:01:12]} 27. Rxc8
{[%clk 00:20:56]} {[%emt 00:00:43]} Rxc8 {[%clk 00:37:35]} {[%emt 00:00:10]}
28. Rb1 {[%clk 00:20:48]} {[%emt 00:00:08]} Qc6 {[%clk 00:37:21]} {[%emt
00:00:24]} 29. Qe3 {[%clk 00:20:16]} {[%emt 00:00:34]} Qc2 {[%clk 00:36:21]}
{[%emt 00:01:08]} 30. Re1 {[%clk 00:19:45]} {[%emt 00:00:31]} Qc3 {[%clk
00:36:03]} {[%emt 00:00:28]} 31. Qe2 {[%clk 00:19:33]} {[%emt 00:00:13]} Qc4
{[%clk 00:35:04]} {[%emt 00:01:08]} 32. Qd2 {[%clk 00:18:47]} {[%emt 00:00:49]}
g5 {[%clk 00:34:02]} {[%emt 00:01:09]} 33. h3 {[%clk 00:18:13]} {[%emt
00:00:38]} Qc2 {[%clk 00:33:41]} {[%emt 00:00:27]} 34. Qxc2 {[%clk 00:17:48]}
{[%emt 00:00:30]} Rxc2 {[%clk 00:33:39]} {[%emt 00:00:07]} 35. a3 {[%clk
00:17:45]} {[%emt 00:00:07]} Kg7 {[%clk 00:33:26]} {[%emt 00:00:19]} 36. Kf1
{[%clk 00:17:35]} {[%emt 00:00:14]} Kg6 {[%clk 00:33:16]} {[%emt 00:00:16]} 37.
Re3 {[%clk 00:17:14]} {[%emt 00:00:23]} Kf5 {[%clk 00:33:02]} {[%emt 00:00:21]}
38. Kg1 {[%clk 00:16:04]} {[%emt 00:01:16]} Rc4 {[%clk 00:32:53]} {[%emt
00:00:14]} 39. Rf3+ {[%clk 00:15:58]} {[%emt 00:00:09]} Rf4 {[%clk 00:32:42]}
{[%emt 00:00:18]} 40. Rc3 {[%clk 00:15:35]} {[%emt 00:00:26]} Rc4 {[%clk
00:31:50]} {[%emt 00:00:59]} 41. Rf3+ {[%clk 00:15:32]} {[%emt 00:00:06]} Kg6
{[%clk 00:30:52]} {[%emt 00:01:05]} 42. Rf6+ {[%clk 00:15:06]} {[%emt
00:00:31]} Kg7 {[%clk 00:30:46]} {[%emt 00:00:10]} 43. Kf1 {[%clk 00:14:56]}
{[%emt 00:00:15]} Rf4 {[%clk 00:30:47]} {[%emt 00:00:05]} 44. Rxf4 {[%clk
00:14:50]} {[%emt 00:00:11]} gxf4 {[%clk 00:30:48]} {[%emt 00:00:04]} 45. Ke2
{[%clk 00:14:51]} {[%emt 00:00:04]} Kg6 {[%clk 00:30:43]} {[%emt 00:00:10]} 46.
Kf3 {[%clk 00:14:43]} {[%emt 00:00:12]} Kf5 {[%clk 00:30:38]} {[%emt 00:00:10]}
47. g4+ {[%clk 00:14:29]} {[%emt 00:00:19]} Kxe5 {[%clk 00:29:53]} {[%emt
00:00:50]} 0-1

[Event "DVM U10 2023"]
[Site "Magdeburg GER"]
[Date "2023.12.29"]
[Round "7"]
[White "Zhang, Jiahao"]
[Black "Liu, Miran"]
[Result "1-0"]
[Termination "normal"]
[Board "17.2"]
[WhiteElo "1156"]
[BlackElo "903"]
[WhiteClock "00:43:50"]
[BlackClock "00:35:53"]
[WhiteTeam "SK 1926 Ettlingen"]
[BlackTeam "SF 59 Kornwestheim"]
[PlyCount "103"]
[WhiteFideId "34686550"]
[BlackFideId "34612610"]
[EventCountry "GER"]
[EventRounds "7"]
[EventType "team-swiss"]
[EventDate "2023.12.27"]

1. e4 {[%clk 00:54:54]} {[%emt 00:00:16]} e5 {[%clk 00:55:04]} {[%emt
00:00:06]} 2. Nf3 {[%clk 00:54:55]} {[%emt 00:00:05]} Nc6 {[%clk 00:55:06]}
{[%emt 00:00:03]} 3. Bc4 {[%clk 00:54:55]} {[%emt 00:00:05]} Bc5 {[%clk
00:54:53]} {[%emt 00:00:16]} 4. Qe2 {[%clk 00:54:51]} {[%emt 00:00:10]} Nf6
{[%clk 00:54:43]} {[%emt 00:00:16]} 5. Ng5 {[%clk 00:54:33]} {[%emt 00:00:20]}
O-O {[%clk 00:53:48]} {[%emt 00:01:03]} 6. Bxf7+ {[%clk 00:54:29]} {[%emt
00:00:09]} Rxf7 {[%clk 00:53:40]} {[%emt 00:00:13]} 7. Nxf7 {[%clk 00:54:27]}
{[%emt 00:00:07]} Kxf7 {[%clk 00:53:39]} {[%emt 00:00:06]} 8. Qc4+ {[%clk
00:54:29]} {[%emt 00:00:03]} Kf8 {[%clk 00:52:50]} {[%emt 00:00:55]} 9. Qxc5+
{[%clk 00:54:21]} {[%emt 00:00:11]} Qe7 {[%clk 00:52:43]} {[%emt 00:00:12]} 10.
Qxe7+ {[%clk 00:54:18]} {[%emt 00:00:09]} Nxe7 {[%emt 00:00:16]} 11. Nc3 {[%clk
00:54:17]} {[%emt 00:00:05]} Ng6 {[%clk 00:52:07]} {[%emt 00:00:30]} 12. O-O
{[%clk 00:54:06]} {[%emt 00:00:17]} d6 {[%clk 00:50:46]} {[%emt 00:01:25]} 13.
h3 {[%clk 00:53:59]} {[%emt 00:00:13]} Be6 {[%clk 00:49:42]} {[%emt 00:01:09]}
14. Nb5 {[%clk 00:53:44]} {[%emt 00:00:20]} Bc4 {[%clk 00:49:12]} {[%emt
00:00:35]} 15. Nxc7 {[%clk 00:53:32]} {[%emt 00:00:16]} Rc8 {[%clk 00:49:01]}
{[%emt 00:00:16]} 16. d3 {[%clk 00:52:51]} {[%emt 00:00:46]} Bxd3 {[%clk
00:48:26]} {[%emt 00:00:41]} 17. cxd3 {[%clk 00:52:36]} {[%emt 00:00:20]} Rxc7
{[%clk 00:48:21]} {[%emt 00:00:09]} 18. Be3 {[%clk 00:52:26]} {[%emt 00:00:15]}
Kg8 {[%clk 00:46:09]} {[%emt 00:02:17]} 19. Bxa7 {[%clk 00:51:31]} {[%emt
00:01:09]} Nf4 {[%clk 00:44:13]} {[%emt 00:02:03]} 20. Rfd1 {[%clk 00:50:25]}
{[%emt 00:01:09]} Nd7 {[%clk 00:43:05]} {[%emt 00:01:14]} 21. Be3 {[%clk
00:50:08]} {[%emt 00:00:23]} Ng6 {[%clk 00:42:04]} {[%emt 00:01:06]} 22. Rac1
{[%clk 00:49:53]} {[%emt 00:00:20]} Rxc1 {[%emt 00:01:12]} 23. Rxc1 {[%emt
00:00:13]} Ngf8 {[%clk 00:39:53]} {[%emt 00:00:51]} 24. Rc7 {[%clk 00:49:07]}
{[%emt 00:00:51]} b6 {[%clk 00:39:49]} {[%emt 00:00:09]} 25. Rc6 {[%clk
00:48:43]} {[%emt 00:00:30]} Kf7 {[%clk 00:39:31]} {[%emt 00:00:22]} 26. Bxb6
{[%clk 00:48:24]} {[%emt 00:00:24]} Nxb6 {[%clk 00:39:17]} {[%emt 00:00:19]}
27. Rxb6 {[%clk 00:48:21]} {[%emt 00:00:07]} Ke6 {[%clk 00:39:15]} {[%emt
00:00:08]} 28. a4 {[%clk 00:48:17]} {[%emt 00:00:10]} Nd7 {[%clk 00:38:37]}
{[%emt 00:00:42]} 29. Rb5 {[%clk 00:47:57]} {[%emt 00:00:25]} Nc5 {[%clk
00:38:18]} {[%emt 00:00:23]} 30. a5 {[%clk 00:47:33]} {[%emt 00:00:31]} h6
{[%clk 00:38:00]} {[%emt 00:00:22]} 31. Rxc5 {[%clk 00:47:25]} {[%emt
00:00:13]} dxc5 {[%clk 00:37:53]} {[%emt 00:00:12]} 32. a6 {[%clk 00:47:28]}
{[%emt 00:00:02]} g5 {[%clk 00:37:19]} {[%emt 00:00:39]} 33. a7 {[%clk
00:47:23]} {[%emt 00:00:10]} h5 {[%clk 00:37:10]} {[%emt 00:00:14]} 34. a8=Q
{[%emt 00:00:09]} Kf6 {[%emt 00:00:03]} 35. Qc6+ {[%clk 00:47:05]} {[%emt
00:00:11]} Kf7 {[%clk 00:37:04]} {[%emt 00:00:10]} 36. Qxc5 {[%clk 00:47:03]}
{[%emt 00:00:07]} Kf6 {[%clk 00:37:00]} {[%emt 00:00:09]} 37. d4 {[%clk
00:46:55]} {[%emt 00:00:14]} exd4 {[%clk 00:36:56]} {[%emt 00:00:09]} 38. Qxd4+
{[%clk 00:46:54]} {[%emt 00:00:06]} Ke6 {[%clk 00:36:53]} {[%emt 00:00:08]} 39.
Qd5+ {[%clk 00:46:49]} {[%emt 00:00:10]} Kf6 {[%clk 00:36:50]} {[%emt
00:00:07]} 40. Qf5+ {[%clk 00:46:46]} {[%emt 00:00:09]} Ke7 {[%clk 00:36:52]}
{[%emt 00:00:02]} 41. e5 {[%clk 00:46:34]} {[%emt 00:00:18]} Ke8 {[%clk
00:36:41]} {[%emt 00:00:15]} 42. e6 {[%clk 00:46:22]} {[%emt 00:00:18]} Kd8
{[%clk 00:36:35]} {[%emt 00:00:12]} 43. Qf7 {[%clk 00:45:34]} {[%emt 00:00:52]}
Kc8 {[%clk 00:36:35]} {[%emt 00:00:05]} 44. e7 {[%clk 00:45:27]} {[%emt
00:00:12]} Kc7 {[%clk 00:36:35]} {[%emt 00:00:05]} 45. e8=R+ {[%emt 00:00:18]}
Kc6 {[%emt 00:00:25]} 46. Re6+ {[%clk 00:44:40]} {[%emt 00:00:10]} Kd5 {[%clk
00:36:34]} {[%emt 00:00:05]} 47. Qf5+ {[%clk 00:44:34]} {[%emt 00:00:10]} Kc4
{[%clk 00:36:24]} {[%emt 00:00:16]} 48. Re4+ {[%clk 00:44:27]} {[%emt
00:00:11]} Kb3 {[%clk 00:36:20]} {[%emt 00:00:11]} 49. Qf3+ {[%clk 00:44:16]}
{[%emt 00:00:15]} Ka2 {[%clk 00:36:06]} {[%emt 00:00:19]} 50. Qa3+ {[%clk
00:44:01]} {[%emt 00:00:20]} Kb1 {[%clk 00:35:55]} {[%emt 00:00:16]} 51. Re1+
{[%clk 00:44:00]} {[%emt 00:00:05]} Kc2 {[%clk 00:35:53]} {[%emt 00:00:07]} 52.
Qc3# {[%clk 00:43:50]} {[%emt 00:00:04]} 1-0

[Event "DVM U10 2023"]
[Site "Magdeburg GER"]
[Date "2023.12.29"]
[Round "7"]
[White "Gora, Jan"]
[Black "Faisz, David"]
[Result "0-1"]
[Termination "normal"]
[Board "17.3"]
[WhiteElo "799"]
[BlackElo "1112"]
[WhiteClock "00:44:44"]
[BlackClock "00:47:36"]
[WhiteTeam "SF 59 Kornwestheim"]
[BlackTeam "SK 1926 Ettlingen"]
[PlyCount "52"]
[BlackFideId "34650989"]
[EventCountry "GER"]
[EventRounds "7"]
[EventType "team-swiss"]
[EventDate "2023.12.27"]

1. e4 {[%clk 00:55:08]} {[%emt 00:00:01]} e6 {[%clk 00:55:05]} {[%emt
00:00:06]} 2. Nf3 {[%clk 00:55:10]} {[%emt 00:00:02]} d5 {[%clk 00:55:04]}
{[%emt 00:00:07]} 3. e5 {[%clk 00:55:08]} {[%emt 00:00:07]} Nc6 {[%clk
00:54:59]} {[%emt 00:00:10]} 4. Nc3 {[%clk 00:54:42]} {[%emt 00:00:31]} f6
{[%clk 00:54:53]} {[%emt 00:00:11]} 5. d4 {[%clk 00:54:36]} {[%emt 00:00:10]}
Bb4 {[%clk 00:54:50]} {[%emt 00:00:09]} 6. a3 {[%clk 00:54:26]} {[%emt
00:00:15]} Ba5 {[%clk 00:54:48]} {[%emt 00:00:08]} 7. Bf4 {[%clk 00:54:02]}
{[%emt 00:00:27]} fxe5 {[%clk 00:54:32]} {[%emt 00:00:21]} 8. dxe5 {[%clk
00:53:54]} {[%emt 00:00:13]} Nge7 {[%clk 00:54:24]} {[%emt 00:00:14]} 9. Bd3
{[%clk 00:53:39]} {[%emt 00:00:19]} O-O {[%clk 00:54:21]} {[%emt 00:00:08]} 10.
O-O {[%clk 00:53:33]} {[%emt 00:00:12]} Rxf4 {[%clk 00:54:22]} {[%emt
00:00:04]} 11. Qd2 {[%clk 00:53:13]} {[%emt 00:00:24]} Rf8 {[%clk 00:54:11]}
{[%emt 00:00:16]} 12. Ng5 {[%clk 00:53:08]} {[%emt 00:00:11]} h6 {[%clk
00:53:48]} {[%emt 00:00:26]} 13. Nf3 {[%clk 00:52:17]} {[%emt 00:00:58]} d4
{[%clk 00:53:46]} {[%emt 00:00:07]} 14. Nb5 {[%clk 00:51:42]} {[%emt 00:00:39]}
Bxd2 {[%clk 00:49:11]} {[%emt 00:00:08]} 15. Rad1 {[%clk 00:51:41]} {[%emt
00:04:37]} Bg5 {[%clk 00:49:06]} {[%emt 00:00:12]} 16. Nxg5 {[%clk 00:51:34]}
{[%emt 00:00:11]} hxg5 {[%clk 00:48:42]} {[%emt 00:00:30]} 17. Rde1 {[%clk
00:50:25]} {[%emt 00:01:13]} Nf5 {[%clk 00:48:33]} {[%emt 00:00:14]} 18. Re4
{[%clk 00:49:11]} {[%emt 00:01:19]} Nh4 {[%clk 00:48:22]} {[%emt 00:00:17]} 19.
g3 {[%clk 00:48:25]} {[%emt 00:00:49]} Nf3+ {[%clk 00:48:21]} {[%emt 00:00:07]}
20. Kh1 {[%clk 00:48:02]} {[%emt 00:00:28]} Nd2 {[%clk 00:48:14]} {[%emt
00:00:13]} 21. Rg4 {[%clk 00:47:16]} {[%emt 00:00:48]} Nxf1 {[%clk 00:47:59]}
{[%emt 00:00:23]} 22. Bxf1 {[%clk 00:47:11]} {[%emt 00:00:09]} Qd5+ {[%clk
00:47:58]} {[%emt 00:00:07]} 23. Kg1 {[%clk 00:46:55]} {[%emt 00:00:20]} Qf3
{[%clk 00:47:45]} {[%emt 00:00:19]} 24. Bg2 {[%clk 00:45:02]} {[%emt 00:01:57]}
Qxf2+ {[%clk 00:47:42]} {[%emt 00:00:09]} 25. Kh1 {[%clk 00:44:51]} {[%emt
00:00:16]} Qe1+ {[%clk 00:47:36]} {[%emt 00:00:11]} 26. Bf1 {[%clk 00:44:44]}
{[%emt 00:00:11]} Qxf1# {[%emt 00:00:42]} 0-1

[Event "DVM U10 2023"]
[Site "Magdeburg GER"]
[Date "2023.12.29"]
[Round "7"]
[White "Tiuca, Emma"]
[Black "Noll, Raphael"]
[Result "1-0"]
[Termination "normal"]
[Board "18.1"]
[WhiteElo "1148"]
[BlackElo "1387"]
[WhiteClock "00:43:48"]
[BlackClock "00:27:06"]
[WhiteTeam "SG Trier 1877"]
[BlackTeam "SK Marburg 1931/72"]
[PlyCount "71"]
[WhiteFideId "4007549"]
[BlackFideId "34653228"]
[EventCountry "GER"]
[EventRounds "7"]
[EventType "team-swiss"]
[EventDate "2023.12.27"]

1. e4 {[%clk 00:55:08]} e5 {[%clk 00:55:04]} {[%emt 00:00:06]} 2. Nf3 {[%clk
00:55:04]} {[%emt 00:00:09]} Nf6 {[%clk 00:54:57]} {[%emt 00:00:12]} 3. Nxe5
{[%clk 00:54:59]} {[%emt 00:00:10]} d6 {[%clk 00:54:52]} {[%emt 00:00:10]} 4.
Nf3 {[%clk 00:54:58]} {[%emt 00:00:06]} Nxe4 {[%clk 00:54:49]} {[%emt
00:00:09]} 5. Nc3 {[%clk 00:54:56]} {[%emt 00:00:07]} Nxc3 {[%clk 00:54:37]}
{[%emt 00:00:17]} 6. dxc3 {[%clk 00:54:52]} {[%emt 00:00:08]} Bg4 {[%clk
00:53:55]} {[%emt 00:00:48]} 7. Be2 {[%clk 00:54:47]} {[%emt 00:00:09]} Be7
{[%clk 00:53:12]} {[%emt 00:00:49]} 8. Be3 {[%clk 00:54:43]} {[%emt 00:00:08]}
O-O {[%clk 00:51:22]} {[%emt 00:01:55]} 9. Qd2 {[%clk 00:54:35]} {[%emt
00:00:12]} Nd7 {[%clk 00:49:46]} {[%emt 00:01:43]} 10. O-O-O {[%clk 00:53:07]}
{[%emt 00:00:07]} Bf6 {[%clk 00:48:43]} {[%emt 00:02:34]} 11. h3 {[%clk
00:53:02]} {[%emt 00:00:10]} Be6 {[%clk 00:48:34]} {[%emt 00:00:15]} 12. g4
{[%clk 00:52:55]} {[%emt 00:00:10]} a5 {[%clk 00:47:04]} {[%emt 00:01:36]} 13.
g5 {[%clk 00:52:49]} {[%emt 00:00:11]} Be5 {[%clk 00:46:55]} {[%emt 00:00:14]}
14. g6 {[%clk 00:52:25]} {[%emt 00:00:28]} fxg6 {[%clk 00:46:12]} {[%emt
00:00:48]} 15. Nxe5 {[%clk 00:52:13]} {[%emt 00:00:17]} Nxe5 {[%clk 00:45:59]}
{[%emt 00:00:19]} 16. h4 {[%clk 00:52:00]} {[%emt 00:00:17]} Nf3 {[%clk
00:43:54]} {[%emt 00:02:10]} 17. Bxf3 {[%clk 00:51:42]} {[%emt 00:00:22]} Rxf3
{[%clk 00:43:49]} {[%emt 00:00:11]} 18. Qe2 {[%clk 00:51:22]} {[%emt 00:00:24]}
Qf6 {[%clk 00:42:42]} {[%emt 00:01:14]} 19. h5 {[%clk 00:50:49]} {[%emt
00:00:37]} gxh5 {[%clk 00:41:49]} {[%emt 00:00:59]} 20. Rxh5 {[%clk 00:50:39]}
{[%emt 00:00:14]} Rf5 {[%clk 00:40:08]} {[%emt 00:01:48]} 21. Rhh1 {[%clk
00:50:13]} {[%emt 00:00:21]} d5 {[%clk 00:39:26]} {[%emt 00:00:56]} 22. Bd4
{[%clk 00:50:06]} {[%emt 00:00:11]} Qg5+ {[%clk 00:38:04]} {[%emt 00:01:28]}
23. Be3 {[%clk 00:49:59]} {[%emt 00:00:10]} Re5 {[%clk 00:37:46]} {[%emt
00:00:25]} 24. Rhg1 {[%clk 00:49:44]} {[%emt 00:00:19]} Qf6 {[%clk 00:37:17]}
{[%emt 00:00:34]} 25. Qf1 {[%clk 00:49:29]} {[%emt 00:00:20]} Qe7 {[%clk
00:36:25]} {[%emt 00:00:58]} 26. Qg2 {[%clk 00:48:49]} {[%emt 00:00:39]} c6
{[%clk 00:35:24]} {[%emt 00:01:12]} 27. Bd4 {[%clk 00:48:39]} {[%emt 00:00:15]}
Re2 {[%clk 00:33:47]} {[%emt 00:01:42]} 28. Bxg7 {[%clk 00:48:32]} {[%emt
00:00:11]} Qf7 {[%clk 00:32:32]} {[%emt 00:01:21]} 29. Bh6+ {[%clk 00:48:16]}
{[%emt 00:00:21]} Kh8 {[%clk 00:31:38]} {[%emt 00:01:00]} 30. Bg7+ {[%clk
00:47:39]} {[%emt 00:00:40]} Kg8 {[%clk 00:31:34]} {[%emt 00:00:10]} 31. Bh6+
{[%clk 00:47:06]} {[%emt 00:00:38]} Kh8 {[%clk 00:31:11]} {[%emt 00:00:28]} 32.
Qg3 {[%clk 00:46:19]} {[%emt 00:00:47]} Rg8 {[%clk 00:29:06]} {[%emt 00:02:13]}
33. Qh4 {[%clk 00:45:09]} {[%emt 00:01:07]} Rxf2 {[%clk 00:27:29]} {[%emt
00:01:52]} 34. Rxg8+ {[%clk 00:44:54]} {[%emt 00:00:20]} Kxg8 {[%clk 00:27:15]}
{[%emt 00:00:19]} 35. Rg1+ {[%clk 00:44:49]} {[%emt 00:00:07]} Kh8 {[%clk
00:27:06]} {[%emt 00:00:17]} 36. Qd8+ {[%clk 00:43:48]} {[%emt 00:01:06]} 1-0